书目信息 |
| 题名: |
混沌振子系统(L-Y)与检测
|
|
| 作者: | 李月 , 杨宝俊 著 | |
| 分册: | ||
| 出版信息: | 北京 科学出版社 2007.02 |
|
| 页数: | 265页 | |
| 开本: | 24cm | |
| 丛书名: | ||
| 单 册: | ||
| 中图分类: | TN911.23 | |
| 科图分类: | ||
| 主题词: | 混沌学--hun dun xue--应用--信号检测 | |
| 电子资源: | ||
| ISBN: | 978-7-03-018089-6 | |
| 000 | 00895nam0 2200253 450 | |
| 001 | 012008779858 | |
| 005 | 20080901192357.95 | |
| 010 | @a978-7-03-018089-6@dCNY43.00 | |
| 100 | @a20080901d2007 em y0chiy0120 ea | |
| 101 | 0 | @achi |
| 102 | @aCN@b110000 | |
| 105 | @aa a 000yy | |
| 106 | @ar | |
| 200 | 1 | @a混沌振子系统(L-Y)与检测@Ahun dun zhen zi xi tong(L-Y)yu jian ce@f李月, 杨宝俊著@Fli yue,yang bao jun zhu |
| 210 | @a北京@c科学出版社@d2007.02 | |
| 215 | @a265页@c图@d24cm | |
| 320 | @a有书目 (第256-265页) | |
| 330 | @a本书是在作者一系列研究项目成果的基础上总结而成的。书中提出了微弱信号混沌检测理论,系统描述了微弱信号混沌检测系统(L-Y)动力学特性及微弱信号。 | |
| 606 | 0 | @a混沌学@Ahun dun xue@x应用@x信号检测 |
| 690 | @aTN911.23@v4 | |
| 701 | 0 | @a李月@Ali yue@4著 |
| 701 | 0 | @a杨宝俊@Ayang bao jun@4著 |
| 801 | 0 | @aCN@bQSSK@c20080901 |
| 905 | @b734546-47@dTN911.23@eL321@f2 | |
| 混沌振子系统(L-Y)与检测/李月, 杨宝俊著.-北京:科学出版社,2007.02 |
| 265页:图;24cm |
| ISBN 978-7-03-018089-6:CNY43.00 |
| 本书是在作者一系列研究项目成果的基础上总结而成的。书中提出了微弱信号混沌检测理论,系统描述了微弱信号混沌检测系统(L-Y)动力学特性及微弱信号。 |
| ● |
| 相关链接 |
|
|
|
正题名:混沌振子系统(L-Y)与检测
索取号:TN911.23/L321
 
预约/预借
| 序号 | 登录号 | 条形码 | 馆藏地/架位号 | 状态 | 备注 |
| 1 | 734546 | 207345461 | 自科库301/301自科库 34排2列3层/ [索取号:TN911.23/L321] | 在馆 | |
| 2 | 734547 | 207345470 | 自科库301/301自科库 34排2列3层/ [索取号:TN911.23/L321] | 在馆 |